000 00315nam a22001457a 4500
008 210514b ||||| |||| 00| 0 eng d
020 _a9780135034842
041 _aeng
080 _a37
082 _a37
100 _a46
101 _aEDU
245 _aLiteracy in Context (LINC)
_cMimi Miller
942 _2udc
_cBK
999 _c57356
_d57356